Xây dựng và sử dụng phần mềm mô phỏng trong dạy học bài 35 học thuyết tiến hóa cổ điển trong SGK sinh học 12 ban KHTN bằng phương pháp nêu vấn đề /

Sparad:
Bibliografiska uppgifter
Huvudupphovsman: Nghiêm Thị Ngọc Bích, ThS.
Materialtyp: Artikel
Språk:Vietnamese
Ämnen:
Taggar: Lägg till en tagg
Inga taggar, Lägg till första taggen!
Thư viện lưu trữ: Thư viện Trường Đại học Đà Lạt
LEADER 00911nam a2200265 4500
001 DLU120142214
005 ##20121010
040 # # |a DLU  |b vie 
041 # # |a vie 
044 # # |a vn 
100 # # |a Nghiêm Thị Ngọc Bích,   |c ThS. 
245 # # |a Xây dựng và sử dụng phần mềm mô phỏng trong dạy học bài 35 học thuyết tiến hóa cổ điển trong SGK sinh học 12 ban KHTN bằng phương pháp nêu vấn đề /  |c Nghiêm Thị Ngọc Bích. 
653 # # |a Công nghệ thông tin 
653 # # |a Phần mềm 
653 # # |a Trực quan 
773 # # |t Dạy và học ngày nay  |g Số 5, 2010, tr. 30-32 
920 # # |a Phòng Tạp chí -- Trung tâm Thông tin - Thư viện Trường Đại học Đà Lạt 
994 # # |a DLU 
900 # # |a True 
911 # # |a Nguyễn Thị Linh Chi 
925 # # |a G 
926 # # |a A 
927 # # |a BB 
980 # # |a Thư viện Trường Đại học Đà Lạt